Statistics for Katy Perry Songs (Updated At Any New Release)

Click here to take the quiz!

General Stats

  • This quiz has been taken 29 times
  • The average score is 32 of 87

Answer Stats

HintAnswer% Correct
One Of The BoysHot N Cold
88%
PRISMRoar
88%
PRISMDark Horse
81%
Teenage Dream: The Complete ConfectionLast Friday Night (T.G.I.F)
81%
Teenage Dream: The Complete ConfectionTeenage Dream
81%
Teenage Dream: The Complete ConfectionCalifornia Gurls
77%
One Of The BoysI Kissed A Girl
77%
Teenage Dream: The Complete ConfectionFirework
73%
PRISMInternational Smile
73%
Teenage Dream: The Complete ConfectionPart Of Me
73%
Teenage Dream: The Complete ConfectionE.T.
69%
SmileSmile
69%
WitnessBon Appetit
65%
WitnessChained To The Rhythm
65%
Teenage Dream: The Complete ConfectionThe One That Got Away
65%
WitnessSwish Swish
62%
PRISMThis Is How We Do
62%
PRISMBirthday
58%
PRISMUnconditionally
58%
WitnessWitness
54%
One Of The BoysOne Of The Boys
50%
One Of The BoysWaking Up In Vegas
50%
Teenage Dream: The Complete ConfectionWide Awake
50%
SmileDaisies
46%
SmileHarleys In Hawaii
46%
Teenage Dream: The Complete ConfectionPeacock
46%
One Of The BoysThinking Of You
46%
One Of The BoysUr So Gay
46%
SmileNever Really Over
42%
WitnessHey Hey Hey
38%
SmileOnly Love
38%
PRISMBy The Grace Of God
35%
PRISMLegendary Lovers
35%
Teenage Dream: The Complete ConfectionCircle The Drain
31%
SmileCry About It Later
31%
PRISMDouble Rainbow
31%
PRISMGhost
31%
One Of The BoysIf You Can Afford Me
31%
PRISMLove Me
31%
PRISMWalking On Air
31%
WitnessBigger Than Me
27%
One Of The BoysFingerprints
27%
Teenage Dream: The Complete ConfectionHummingbird Heartbeat
27%
Teenage Dream: The Complete ConfectionNot Like The Movies
27%
Teenage Dream: The Complete ConfectionPearl
27%
WitnessPendulum
27%
WitnessPower
27%
WitnessRoulette
27%
Katy HudsonSearch Me
27%
Katy HudsonTrust In Me
27%
Teenage Dream: The Complete ConfectionWho Am I Living For?
27%
SmileChampagne Problems
23%
PRISMIt Takes Two
23%
One Of The BoysMannequin
23%
Katy HudsonMy Own Monster
23%
Katy HudsonNaturally
23%
SmileNever Worn White
23%
SmileNot The End Of The World
23%
Katy HudsonPiercing
23%
SmileResilient
23%
One Of The BoysSelf Inflicted
23%
PRISMSpiritual
23%
PRISMThis Moment
23%
SmileTucked
23%
WitnessAct My Age
19%
One Of The BoysA Cup Of Coffee
19%
PRISMChoose Your Battles
19%
WitnessDance With The Devil
19%
WitnessDeja Vu
19%
Teenage Dream: The Complete ConfectionDressin' Up
19%
Katy HudsonFaith Won't Fail
19%
Katy HudsonGrowing Pains
19%
One Of The BoysI'm Still Breathing
19%
WitnessInto Me You See
19%
One Of The BoysI Think I'm Ready
19%
Katy HudsonLast Call
19%
One Of The BoysLost
19%
WitnessMind Maze
19%
WitnessSave As Draft
19%
SmileSmall Talk
19%
Katy HudsonSpit
19%
SmileTeary Eyes
19%
WitnessTsunami
19%
SmileWhat Makes A Woman
19%
Katy HudsonWhen There's Nothing Left
19%
SmileHigh On Your Supply
15%
WitnessMiss You More
15%

Score Distribution

Percentile by Number Answered

Percent of People with Each Score

Your Score History

You have not taken this quiz